The EU GDPR General Data Protection Regulation Answers to the Most Frequently Asked Questions /

Detalles Bibliográficos
Autor principal: Zetoony, David
Formato: eBook
Lenguaje:inglés
Publicado: Chicago: American Bar Association, 2018
Materias:
Acceso en línea:Acceso restringido

MARC

LEADER 00000nam a22000007a 4500
005 20210225203257.0
007 cr|||| ||||
008 210225s2018 us |||||s|||| 00||0 eng d
020 |a 9781641052337 
035 |a 31245 
040 |a vLex 
090 |c 11269  |d 11269 
100 1 |a Zetoony, David 
245 1 3 |a The EU GDPR General Data Protection Regulation  |h [Recurso electrn̤ico] :  |b Answers to the Most Frequently Asked Questions /  |c David Zetoony 
256 |a Servicio en ln̕ea 
260 |a Chicago:  |b American Bar Association,  |c 2018 
300 |a 1 recurso electrn̤ico 
500 |a The EU General Data Protection Regulation (GDPR) provides straight-forward and practical answers to core questions that are raised by most attorneys and privacy professionals that grapple with the GDPR. 
506 1 |a Disponible solo en los productos indicados  |d vLex Global  |d vLex Global (Academic Edition, excluding Law Schools)  |d vLex Global (Academic Edition, Law Schools) 
650 0 4 |a Derecho Mercantil y de la Empresa  |z Estados Unidos 
650 0 4 |a Derecho Comunitario  |z Estados Unidos 
740 0 |a vLex Libros (Servicio en ln̕ea) 
856 4 0 |u http://vlex.com/source/the-eu-gdpr-general-data-protection-regulation-answers-to-the-most-frequently-asked-questions-31245  |z Acceso restringido 
942 |c BOOK 
999 0 |a Commercial and Company Law 
999 0 |a Community Law